Central Library OPAC University of Rajshahi

সিল্ক রোডের গৌরবময় প্রত্নসম্পদ = (The glorious archaeological site of Silk Road) / (Record no. 70961)

MARC details
000 -LEADER
fixed length control field 01019nam a2200241 a 4500
001 - CONTROL NUMBER
control field 70961
003 - CONTROL NUMBER IDENTIFIER
rucl marc code BD-RjUL
005 - DATE AND TIME OF LATEST TRANSACTION
control field 20211209082049.0
008 - FIXED-LENGTH DATA ELEMENTS--GENERAL INFORMATION
fixed length control field 170423s2005 b a|||| |b|| 001 0 ben d
020 ## - INTERNATIONAL STANDARD BOOK NUMBER
International Standard Book Number 9840744801
Terms of availability : TK. 90.00
035 ## - SYSTEM CONTROL NUMBER
System control number (BD-RjUL)71175
040 ## - CATALOGING SOURCE
Original cataloging agency BD-RjUL
Language of cataloging ben
Transcribing agency BD-RjUL
Modifying agency BD-RjUL
041 ## - LANGUAGE CODE
Language code of text/sound track or separate title ben
082 ## - DEWEY DECIMAL CLASSIFICATION NUMBER
Edition number 23
Classification number 930.1
Author mark and year AHS 2005
100 10 - MAIN ENTRY--PERSONAL NAME
Personal name আহম্মদ, নাজিমুদ্দিন
9 (RLIN) 209985
245 10 - TITLE STATEMENT
Title সিল্ক রোডের গৌরবময় প্রত্নসম্পদ = (The glorious archaeological site of Silk Road) /
Statement of responsibility, etc. নাজিমুদ্দিন আহম্মদ
260 ## - PUBLICATION, DISTRIBUTION, ETC. (IMPRINT)
Place of publication, distribution, etc. ঢাকা :
Name of publisher, distributor, etc. বাংলা একাডেমী,
Date of publication, distribution, etc. ২০০৫
300 ## - PHYSICAL DESCRIPTION
Pagination ১৪০ পৃ. :
Illustrations চিত্র্র ;
Size ২০ সেমি.
504 ## - BIBLIOGRAPHY, ETC. NOTE
Bibliography, etc গ্রন্থপঞ্জি ও নির্ঘন্ট সংবলিত
650 ## - SUBJECT ADDED ENTRY--TOPICAL TERM
Topical term or geographic name as entry element পুরাতত্ত্ব
9 (RLIN) 122276
Topical term or geographic name as entry element Archaeology
9 (RLIN) 209986
942 ## - ADDED ENTRY ELEMENTS (KOHA)
Source of classification or shelving scheme Dewey Decimal Classification
Koha item type Books
Holdings
Lost status Source of classification or shelving scheme Damaged status Not for loan Collection code Permanent Location Current Location Shelving location Date acquired Source of acquisition Cost, normal purchase price Total Checkouts Full call number Date last seen Copy number Koha item type
  Dewey Decimal Classification   Not For Loan Non-fiction Central Library, University of Rajshahi Central Library, University of Rajshahi Reading Room 30/07/2012 Dhaka, Bangla Academy 90.00   B 930.1 AHS 2005 23/04/2017 C-1 Books